[Event "Helsingor Xtracon op"]
[Site "Helsingor"]
[Date "2019.07.25"]
[Round "7"]
[White "Andersen, Kim Nyvang"]
[Black "Hansen, Verner"]
[Result "1-0"]
[WhiteElo "2008"]
[BlackElo "1838"]
[PlyCount "128"]
[EventDate "2019.07.20"]
[EventType "swiss"]
[EventRounds "10"]
[EventCountry "DEN"]
[SourceTitle "CBM 191 Extra"]
[Source "ChessBase"]
[SourceDate "2019.09.30"]
[SourceVersion "1"]
[SourceVersionDate "2019.09.30"]
[SourceQuality "1"]

1. d4 d5 2. c4 e6 3. Nc3 Nf6 4. cxd5 exd5 5. Bg5 Be7 6. Qc2 h6 7. Bh4 0-0 8. e3 c6 9. Bd3 Na6 10. a3 Nc7 11. Nge2 Re8 12. 0-0 Ng4 13. Bg3 Ne6 14. h3 Nf6 15. f3 c5 16. Bb5 Bd7 17. Rad1 Bxb5 18. Nxb5 Qb6 19. Nbc3 cxd4 20. exd4 Rac8 21. Qd2 Bd6 22. Bh4 g5 23. Bf2 Qd8 24. g3 Kg7 25. Kg2 Bb8 26. Be3 Nh5 27. Rh1 Qd6 28. Bf2 f5 29. Qd3 Rf8 30. Qb5 Rf7 31. Nxd5 Rc2 32. Ne3 Rxe2 33. Qxe2 Nhf4+ 34. gxf4 Nxf4+ 35. Kf1 Nxe2 36. Kxe2 Qa6+ 37. Rd3 f4 38. Nd1 Bc7 39. Nc3 Ba5 40. b4 Bb6 41. Ne4 Qc4 42. Rhd1 a5 43. bxa5 Bxa5 44. d5 Rd7 45. d6 b5 46. Kf1 b4 47. axb4 Bxb4 48. Kg1 Kg6 49. Rd4 Qb5 50. Rb1 Qe2 51. Rdxb4 Qxf3 52. R1b3 Qd1+ 53. Kh2 Kf5 54. Rc3 Qe2 55. Rc5+ Ke6 56. Rd4 f3 57. Rc1 Ke5 58. Rcd1 Qb2 59. R1d2 Qa1 60. Nc5 Rd8 61. d7 Qf1 62. Bg3+ Kf5 63. Rf2 Qe2 64. Rxe2 fxe2 1-0

[Event "Helsingor Xtracon op"]
[Site "Helsingor"]
[Date "2018.07.29"]
[Round "10"]
[White "Larsen, Hans Haagen"]
[Black "Hansen, Verner"]
[Result "0-1"]
[WhiteElo "1679"]
[BlackElo "1876"]
[PlyCount "58"]
[EventDate "2018.07.21"]
[EventType "swiss"]
[EventRounds "10"]
[EventCountry "DEN"]
[SourceTitle "CBM 185 Extra"]
[Source "ChessBase"]
[SourceDate "2018.07.29"]
[SourceVersion "1"]
[SourceVersionDate "2018.07.29"]
[SourceQuality "1"]

1. d4 d5 2. Bf4 e6 3. Nf3 Nd7 4. e3 Ngf6 5. Be2 c5 6. c3 Be7 7. h3 0-0 8. Nbd2 b6 9. Qa4 a6 10. 0-0 Bb7 11. Rfc1 Re8 12. Qc2 Nf8 13. Ne5 Rc8 14. b3 cxd4 15. exd4 b5 16. Ndf3 Ba3 17. Rd1 Ne4 18. c4 f6 19. Ng4 dxc4 20. bxc4 bxc4 21. Rab1 Bd5 22. Qa4 Bd6 23. Bxd6 Qxd6 24. Rdc1 Qc6 25. Rb4 Qxa4 26. Rxa4 c3 27. Bxa6 Ra8 28. Rc2 Reb8 29. Bb5 Rxa4 0-1

[Event "Helsingor Xtracon op"]
[Site "Helsingor"]
[Date "2018.07.27"]
[Round "8"]
[White "Sundin, Sven Ingvar"]
[Black "Hansen, Verner"]
[Result "0-1"]
[WhiteElo "1567"]
[BlackElo "1876"]
[PlyCount "46"]
[EventDate "2018.07.21"]
[EventType "swiss"]
[EventRounds "10"]
[EventCountry "DEN"]
[SourceTitle "CBM 185 Extra"]
[Source "ChessBase"]
[SourceDate "2018.07.29"]
[SourceVersion "1"]
[SourceVersionDate "2018.07.29"]
[SourceQuality "1"]

1. e4 d5 2. exd5 Qxd5 3. Nc3 Qa5 4. d4 c6 5. Nf3 Nf6 6. Bc4 Bf5 7. Bd2 Qc7 8. Bb3 e6 9. Qe2 Bd6 10. 0-0-0 0-0 11. h3 b5 12. Nh4 b4 13. Na4 Be4 14. Kb1 Nbd7 15. f3 Bd5 16. g4 c5 17. dxc5 Nxc5 18. Bxb4 Rab8 19. Bxc5 Bxc5 20. Nxc5 Qxc5 21. Bxd5 Nxd5 22. Ka1 Rfc8 23. Rd2 Rxb2 0-1

[Event "Helsingor Xtracon op"]
[Site "Helsingor"]
[Date "2018.07.26"]
[Round "7"]
[White "Alquist, Erik"]
[Black "Hansen, Verner"]
[Result "1-0"]
[WhiteElo "2035"]
[BlackElo "1876"]
[PlyCount "67"]
[EventDate "2018.07.21"]
[EventType "swiss"]
[EventRounds "10"]
[EventCountry "DEN"]
[SourceTitle "CBM 185 Extra"]
[Source "ChessBase"]
[SourceDate "2018.07.29"]
[SourceVersion "1"]
[SourceVersionDate "2018.07.29"]
[SourceQuality "1"]

1. e4 d5 2. exd5 Qxd5 3. Nc3 Qa5 4. d4 Nf6 5. Nf3 Bf5 6. Bc4 c6 7. Bd2 Qb6 8. 0-0 e6 9. Re1 Bb4 10. Bg5 Nbd7 11. Na4 Qc7 12. c3 Be7 13. Bd3 Bxd3 14. Qxd3 0-0 15. b4 Rad8 16. Qe2 Nd5 17. Bxe7 Nxe7 18. Nc5 Nd5 19. Qc4 N7f6 20. Ne5 b5 21. Qd3 Ne7 22. a4 a5 23. axb5 axb4 24. cxb4 cxb5 25. Qxb5 Rxd4 26. Nxf7 Rb8 27. Qe2 Rh4 28. g3 Rhxb4 29. Qxe6 R8b6 30. Ra8+ Rb8 31. Rxb8+ Qxb8 32. Ng5+ Kh8 33. Qxe7 h6 34. Nd7 1-0

[Event "Helsingor Xtracon op"]
[Site "Helsingor"]
[Date "2018.07.25"]
[Round "6"]
[White "Hansen, Verner"]
[Black "Bebchuk, Leonid"]
[Result "1/2-1/2"]
[WhiteElo "1876"]
[BlackElo "2072"]
[PlyCount "141"]
[EventDate "2018.07.21"]
[EventType "swiss"]
[EventRounds "10"]
[EventCountry "DEN"]
[SourceTitle "CBM 185 Extra"]
[Source "ChessBase"]
[SourceDate "2018.07.29"]
[SourceVersion "1"]
[SourceVersionDate "2018.07.29"]
[SourceQuality "1"]

1. e4 c5 2. Nc3 Nc6 3. d3 g6 4. g3 Bg7 5. Bg2 d6 6. f4 f5 7. Nf3 Nf6 8. 0-0 0-0 9. Be3 Ng4 10. Bd2 Kh8 11. Rb1 Be6 12. a3 a5 13. Ne2 a4 14. c3 Ba2 15. Rc1 Bg8 16. h3 Nf6 17. e5 dxe5 18. fxe5 Nd5 19. d4 cxd4 20. cxd4 Qb6 21. Nc3 Nxc3 22. bxc3 Nxe5 23. Nxe5 Bxe5 24. Kh2 Bf6 25. Rb1 Qd6 26. Bxb7 Ra7 27. Rb4 Bb3 28. Qf3 Rd8 29. Bf4 Qe6 30. Rf2 Rxb7 31. Qxb7 Bd5 32. Qb6 Rd6 33. Qb5 Qe4 34. Qf1 Rd8 35. Rbb2 Rc8 36. Rbe2 Qd3 37. Re3 Qxf1 38. Rxf1 Kg7 39. Rf2 Kf7 40. Rb2 Bb3 41. h4 e6 42. Bd6 h6 43. Bb4 g5 44. hxg5 hxg5 45. Rbe2 Bd5 46. Bd6 g4 47. Kg1 Bg5 48. Bf4 Be7 49. Rh2 Bb3 50. Rh7+ Ke8 51. Rh8+ Kd7 52. Rxc8 Kxc8 53. c4 Bxa3 54. Rxe6 Bb2 55. d5 a3 56. Be5 Bxe5 57. Rxe5 a2 58. Re1 Bxc4 59. Ra1 Kd7 60. Kf2 Bxd5 61. Ke3 Ke6 62. Kf4 Kf6 63. Rd1 Bc4 64. Ra1 Bb3 65. Rh1 Bc2 66. Rh6+ Ke7 67. Ra6 Bb1 68. Ra7+ Kd6 69. Ra6+ Kc5 70. Rxa2 Bxa2 71. Kxf5 1/2-1/2

[Event "Helsingor Xtracon op"]
[Site "Helsingor"]
[Date "2017.07.29"]
[Round "9"]
[White "Hansen, Verner"]
[Black "Ronnestad, Liam Jansson"]
[Result "1-0"]
[WhiteElo "1855"]
[BlackElo "1569"]
[PlyCount "51"]
[EventDate "2017.07.22"]
[EventType "swiss"]
[EventRounds "10"]
[EventCountry "DEN"]
[SourceTitle "CBM 179 Extra"]
[Source "ChessBase"]
[SourceDate "2017.08.23"]
[SourceVersion "1"]
[SourceVersionDate "2017.08.23"]
[SourceQuality "1"]

1. e4 c5 2. Nf3 g6 3. d4 cxd4 4. Nxd4 Bg7 5. Be3 Nc6 6. Nc3 Nf6 7. Be2 0-0 8. Qd2 d5 9. Nxc6 bxc6 10. e5 Nd7 11. f4 e6 12. h4 f6 13. exf6 Bxf6 14. h5 gxh5 15. 0-0-0 c5 16. Bf2 Rf7 17. Rxh5 Bxc3 18. Qxc3 Qf6 19. Rg5+ Kh8 20. Be1 d4 21. Qf3 Qxf4+ 22. Bd2 Qxf3 23. Bxf3 Rb8 24. Re1 Re7 25. Bd5 Nf8 26. Bf4 1-0

[Event "Helsingor Xtracon op"]
[Site "Helsingor"]
[Date "2017.07.27"]
[Round "7"]
[White "Hansen, Verner"]
[Black "Damm Frydenborg, Anders"]
[Result "0-1"]
[WhiteElo "1855"]
[BlackElo "1614"]
[PlyCount "113"]
[EventDate "2017.07.22"]
[EventType "swiss"]
[EventRounds "10"]
[EventCountry "DEN"]
[SourceTitle "CBM 179 Extra"]
[Source "ChessBase"]
[SourceDate "2017.08.23"]
[SourceVersion "1"]
[SourceVersionDate "2017.08.23"]
[SourceQuality "1"]

1. e4 c6 2. d4 d5 3. exd5 cxd5 4. c4 Nf6 5. Bf4 dxc4 6. Bxc4 e6 7. Nf3 Nc6 8. Nc3 Bd6 9. Ne5 Bxe5 10. dxe5 Qxd1+ 11. Rxd1 Nd7 12. Bb5 Ke7 13. Bxc6 bxc6 14. 0-0 h6 15. Rd6 Bb7 16. Rfd1 Rhd8 17. Ne4 Rac8 18. h4 c5 19. Ng3 Bd5 20. Nf5+ Kf8 21. Ne3 Nb6 22. Rxd8+ Rxd8 23. b3 Rc8 24. Rc1 a5 25. Nc4 Nxc4 26. bxc4 Bb7 27. Be3 Ba6 28. Rc3 a4 29. Ra3 Bxc4 30. Rxa4 Bd5 31. Bd2 Ra8 32. Rxa8+ Bxa8 33. Be3 c4 34. Bd2 h5 35. f4 Kg8 36. Kf2 Kh7 37. a4 Kg6 38. Ke3 Bxg2 39. a5 Kf5 40. a6 Kg4 41. Be1 c3 42. Bxc3 Kxh4 43. Kf2 Bd5 44. Bd2 Kh3 45. a7 Kg4 46. Kg1 Kg3 47. Be3 h4 48. Bf2+ Kxf4 49. Bxh4 Kxe5 50. Kf2 Kf4 51. Be7 f5 52. Bf8 g5 53. Bd6+ Kg4 54. Bc7 f4 55. Bd6 Kf5 56. Bc5 e5 57. Bd6 0-1

[Event "Terre degli Elimi op 7th"]
[Site "Erice"]
[Date "2016.08.03"]
[Round "8"]
[White "Campo, Renato"]
[Black "Hansen, Verner"]
[Result "1-0"]
[WhiteElo "1979"]
[BlackElo "1912"]
[PlyCount "45"]
[EventDate "2016.07.28"]
[EventType "swiss"]
[EventRounds "9"]
[EventCountry "ITA"]
[SourceTitle "EXT 2017"]
[Source "ChessBase"]
[SourceDate "2016.10.25"]
[SourceVersion "1"]
[SourceVersionDate "2016.10.25"]
[SourceQuality "1"]

1. e4 d5 2. exd5 Qxd5 3. Nc3 Qa5 4. d4 c6 5. Nf3 Bf5 6. Ne5 Nf6 7. Bf4 e6 8. Nc4 Qd8 9. Be2 Be7 10. Ne3 Bg6 11. h4 h5 12. Bd3 Bxd3 13. Qxd3 Nbd7 14. 0-0-0 b5 15. d5 Nc5 16. Qd4 b4 17. d6 bxc3 18. Qxc5 cxb2+ 19. Kb1 Bf8 20. Qxc6+ Nd7 21. Nd5 Bxd6 22. Bxd6 Rc8 23. Nc7+ 1-0

[Event "Terre degli Elimi op 7th"]
[Site "Erice"]
[Date "2016.08.02"]
[Round "7"]
[White "Hansen, Verner"]
[Black "Skurygina, Yevgeniya"]
[Result "1/2-1/2"]
[WhiteElo "1912"]
[BlackElo "2127"]
[PlyCount "85"]
[EventDate "2016.07.28"]
[EventType "swiss"]
[EventRounds "9"]
[EventCountry "ITA"]
[SourceTitle "EXT 2017"]
[Source "ChessBase"]
[SourceDate "2016.10.25"]
[SourceVersion "1"]
[SourceVersionDate "2016.10.25"]
[SourceQuality "1"]

1. e4 d5 2. exd5 Qxd5 3. Nc3 Qd8 4. Bc4 Nf6 5. Nf3 Bg4 6. Bxf7+ Kxf7 7. Ne5+ Kg8 8. Nxg4 Nc6 9. 0-0 Qd7 10. Nxf6+ gxf6 11. d3 h5 12. Ne4 Bg7 13. Be3 b6 14. d4 Rf8 15. c3 f5 16. Ng5 f4 17. Bd2 Qd5 18. Qb3 Qxb3 19. axb3 e5 20. d5 Na5 21. Ne4 Nxb3 22. Rxa7 Nxd2 23. Nxd2 Rd8 24. Rxc7 Rxd5 25. Ne4 Rh6 26. f3 Bf8 27. Ra1 Ra5 28. Rxa5 bxa5 29. Ra7 Rb6 30. h4 Bg7 31. Rxa5 Rxb2 32. Ra7 Kh7 33. c4 Rc2 34. Rc7 Kg6 35. c5 Bf8 36. c6 Bb4 37. Rb7 Be1 38. Rb5 Rxc6 39. Rxe5 Bxh4 40. Rc5 Rb6 41. Kh2 Rb1 42. Rc6+ Kg7 43. Rc7+ 1/2-1/2

[Event "Terre degli Elimi op 7th"]
[Site "Erice"]
[Date "2016.08.02"]
[Round "6"]
[White "Valguarnera, Girolamo"]
[Black "Hansen, Verner"]
[Result "1-0"]
[WhiteElo "2102"]
[BlackElo "1912"]
[PlyCount "61"]
[EventDate "2016.07.28"]
[EventType "swiss"]
[EventRounds "9"]
[EventCountry "ITA"]
[SourceTitle "EXT 2017"]
[Source "ChessBase"]
[SourceDate "2016.10.25"]
[SourceVersion "1"]
[SourceVersionDate "2016.10.25"]
[SourceQuality "1"]

1. Nf3 d5 2. g3 Nc6 3. d4 Bf5 4. Bg2 Nf6 5. 0-0 e6 6. a3 Be7 7. b4 0-0 8. Bb2 Ne4 9. Nfd2 Nd6 10. c4 dxc4 11. e4 Bg6 12. e5 Nb5 13. Bxc6 bxc6 14. Nxc4 a6 15. Na5 Qd5 16. Nc3 Qd7 17. Ne2 Rab8 18. Rc1 Be4 19. f3 Bd5 20. Qc2 Rb6 21. Nf4 Bg5 22. Nxd5 Qxd5 23. f4 Bh6 24. Nxc6 Qd7 25. a4 Nxd4 26. Nxd4 Rxb4 27. Nc6 Rb6 28. Rfd1 Qe8 29. Ba3 g5 30. Bxf8 Bxf8 31. Rd8 1-0

[Event "Politiken Cup 37th"]
[Site "Helsingor"]
[Date "2015.07.29"]
[Round "6"]
[White "Bjerre, Tavs"]
[Black "Hansen, Verner"]
[Result "1-0"]
[WhiteElo "2059"]
[BlackElo "1883"]
[PlyCount "41"]
[EventDate "2015.07.25"]
[EventType "swiss"]
[EventRounds "10"]
[EventCountry "DEN"]
[SourceTitle "CBM 167 Extra"]
[Source "ChessBase"]
[SourceDate "2015.09.14"]
[SourceVersion "1"]
[SourceVersionDate "2015.09.14"]
[SourceQuality "1"]

1. d4 d5 2. c4 e6 3. Nc3 Nf6 4. cxd5 exd5 5. Bg5 Be7 6. e3 0-0 7. Qc2 Be6 8. Bd3 Nbd7 9. Nge2 h6 10. Bh4 Re8 11. 0-0 c6 12. f3 c5 13. Nf4 Qb6 14. Nxe6 fxe6 15. Bf2 e5 16. Rad1 exd4 17. exd4 cxd4 18. Bg6 Rec8 19. Qf5 Nf8 20. Nxd5 Nxd5 21. Bf7+ 1-0

[Event "Politiken Cup 37th"]
[Site "Helsingor"]
[Date "2015.07.25"]
[Round "1"]
[White "Hansen, Verner"]
[Black "Haubro, Martin"]
[Result "0-1"]
[WhiteElo "1883"]
[BlackElo "2382"]
[PlyCount "76"]
[EventDate "2015.07.25"]
[EventType "swiss"]
[EventRounds "10"]
[EventCountry "DEN"]
[SourceTitle "CBM 167 Extra"]
[Source "ChessBase"]
[SourceDate "2015.09.14"]
[SourceVersion "1"]
[SourceVersionDate "2015.09.14"]
[SourceQuality "1"]

1. e4 c5 2. Nc3 Nc6 3. d3 g6 4. Be3 d6 5. Qd2 Bg7 6. g3 h5 7. Bh3 Bxh3 8. Nxh3 Qd7 9. Nf4 e6 10. Ng2 Nge7 11. f4 b5 12. Rb1 b4 13. Ne2 0-0 14. 0-0 Qb7 15. e5 dxe5 16. Bxc5 Rad8 17. fxe5 Bxe5 18. Nef4 Qb5 19. Bxe7 Nxe7 20. c3 Bg7 21. Qe2 e5 22. Kh1 Qd7 23. Rbe1 bxc3 24. bxc3 exf4 25. Qxe7 fxg3 26. hxg3 Qxd3 27. Rd1 Qxd1 28. Rxd1 Rxd1+ 29. Kh2 Rb8 30. Qe2 Rbb1 31. g4 hxg4 32. Kg3 Rdc1 33. Qe8+ Bf8 34. Kxg4 Rxc3 35. Qe5 Rb4+ 36. Nf4 Rcc4 37. Kg5 Rxf4 38. Qb8 Rf5# 0-1

[Event "Koge Xtracon op"]
[Site "Koge"]
[Date "2014.10.16"]
[Round "7"]
[White "Hansen, Verner"]
[Black "Severinsen, Frank"]
[Result "1-0"]
[WhiteElo "1870"]
[BlackElo "1792"]
[PlyCount "115"]
[EventDate "2014.10.11"]
[EventType "swiss"]
[EventRounds "9"]
[EventCountry "DEN"]
[SourceTitle "EXT 2015"]
[Source "ChessBase"]
[SourceDate "2014.11.20"]
[SourceVersion "1"]
[SourceVersionDate "2014.11.20"]
[SourceQuality "1"]

1. e4 Nc6 2. d4 d5 3. e5 Bf5 4. Nf3 e6 5. Bd3 Bg4 6. Be3 Nge7 7. h3 Bh5 8. Nbd2 Nb4 9. Bb5+ c6 10. Be2 Nf5 11. Bf4 Nh4 12. 0-0 h6 13. c3 g5 14. Be3 Na6 15. Nxh4 Bxe2 16. Qxe2 gxh4 17. Qg4 Qe7 18. Nf3 0-0-0 19. Nxh4 Rh7 20. f4 Rg7 21. Qh5 f5 22. exf6 Qxf6 23. f5 Be7 24. Ng6 Bd6 25. Ne5 Bxe5 26. dxe5 Qxe5 27. Bd4 Rxg2+ 28. Kxg2 Rg8+ 29. Kh1 Qe4+ 30. Qf3 Qh4 31. Rg1 Rf8 32. Qg4 Qe7 33. fxe6 Nc7 34. Rae1 b6 35. Qg7 Qe8 36. Qg4 Kb7 37. Qe2 Rf4 38. Rg4 Rf5 39. e7 Qf7 40. Rg7 Qe8 41. Qg4 Rg5 42. Rxg5 hxg5 43. Qxg5 Qf7 44. e8Q Qf3+ 45. Qg2 Qxg2+ 46. Kxg2 Nxe8 47. Rxe8 Kc7 48. h4 Kd7 49. Re2 c5 50. Bf2 Kc6 51. h5 d4 52. cxd4 c4 53. h6 Kb5 54. h7 a5 55. h8Q Ka4 56. Qe8+ b5 57. Re5 c3 58. Qxb5# 1-0

[Event "Koge Xtracon op"]
[Site "Koge"]
[Date "2014.10.12"]
[Round "3"]
[White "Bekker Jensen, David"]
[Black "Hansen, Verner"]
[Result "1-0"]
[WhiteElo "2289"]
[BlackElo "1870"]
[PlyCount "37"]
[EventDate "2014.10.11"]
[EventType "swiss"]
[EventRounds "9"]
[EventCountry "DEN"]
[SourceTitle "EXT 2015"]
[Source "ChessBase"]
[SourceDate "2014.11.20"]
[SourceVersion "1"]
[SourceVersionDate "2014.11.20"]
[SourceQuality "1"]

1. d4 d5 2. c4 c6 3. Nc3 Bf5 4. cxd5 cxd5 5. Qb3 Nc6 6. Nf3 e6 7. Qxb7 Qc8 8. Qxc8+ Rxc8 9. Bf4 Nf6 10. e3 Bb4 11. Ba6 0-0 12. Bxc8 Rxc8 13. Ke2 Bxc3 14. bxc3 Na5 15. Nh4 Bc2 16. Rhc1 Ba4 17. Rab1 a6 18. Rb8 Bb5+ 19. Ke1 1-0

[Event "Koge Xtracon op"]
[Site "Koge"]
[Date "2014.10.11"]
[Round "1"]
[White "Tolba, Henri"]
[Black "Hansen, Verner"]
[Result "0-1"]
[WhiteElo "1698"]
[BlackElo "1870"]
[PlyCount "92"]
[EventDate "2014.10.11"]
[EventType "swiss"]
[EventRounds "9"]
[EventCountry "DEN"]
[SourceTitle "EXT 2015"]
[Source "ChessBase"]
[SourceDate "2014.11.20"]
[SourceVersion "1"]
[SourceVersionDate "2014.11.20"]
[SourceQuality "1"]

1. d4 d5 2. Nf3 e6 3. Bf4 c5 4. e3 Nf6 5. c3 Nc6 6. Nbd2 Be7 7. Bd3 0-0 8. dxc5 Bxc5 9. Nb3 Bb6 10. Qc2 Qe7 11. g4 e5 12. g5 exf4 13. gxf6 Qxf6 14. e4 Bg4 15. Nbd4 Rac8 16. Qa4 dxe4 17. Bxe4 Rfe8 18. Nd2 Nxd4 19. cxd4 Qxd4 20. Qxd4 Bxd4 21. 0-0 b6 22. Rab1 Rcd8 23. Kg2 Bf6 24. Bf3 Bf5 25. Rbe1 Rxe1 26. Rxe1 g5 27. Ne4 Bxe4 28. Bxe4 Bxb2 29. Re2 Ba3 30. Rc2 Bc5 31. Re2 Kg7 32. Bc2 Kf6 33. Bxh7 f3+ 34. Kxf3 Rh8 35. Bc2 Rxh2 36. a4 a5 37. Be4 Rh4 38. Bc6 Rf4+ 39. Kg2 g4 40. Bb5 Kg5 41. Bd7 f5 42. Bc6 Rd4 43. Bb5 f4 44. f3 g3 45. Re5+ Kh4 46. Be8 Rd2+ 0-1

[Event "Koge Xtracon op"]
[Site "Koge"]
[Date "2013.10.20"]
[Round "9"]
[White "Hansen, Verner"]
[Black "Tolba, Henri"]
[Result "0-1"]
[WhiteElo "1903"]
[BlackElo "1716"]
[PlyCount "58"]
[EventDate "2013.10.14"]
[EventType "swiss"]
[EventRounds "9"]
[EventCountry "DEN"]
[SourceTitle "EXT 2014"]
[Source "ChessBase"]
[SourceDate "2013.11.20"]
[SourceVersion "1"]
[SourceVersionDate "2013.11.20"]
[SourceQuality "1"]

1. e4 e5 2. Nf3 Nc6 3. Bc4 Nf6 4. d3 Be7 5. 0-0 0-0 6. c3 d5 7. exd5 Nxd5 8. Re1 Nb6 9. Bb5 f6 10. Nbd2 Nb8 11. d4 exd4 12. Nxd4 c6 13. Bf1 Kh8 14. Qf3 Nd5 15. Bc4 Nc7 16. Ne4 Nd7 17. Bf4 Ne5 18. Qe2 Nxc4 19. Qxc4 Nd5 20. Bg3 f5 21. Nc5 f4 22. Nde6 fxg3 23. Nxd8 gxf2+ 24. Kh1 fxe1Q+ 25. Rxe1 Rxd8 26. Qe4 h6 27. Nd3 Bf6 28. c4 Ne7 29. h4 Bf5 0-1

[Event "Koge Xtracon op"]
[Site "Koge"]
[Date "2013.10.14"]
[Round "1"]
[White "Sorensen, Dick"]
[Black "Hansen, Verner"]
[Result "1-0"]
[WhiteElo "1974"]
[BlackElo "1903"]
[PlyCount "71"]
[EventDate "2013.10.14"]
[EventType "swiss"]
[EventRounds "9"]
[EventCountry "DEN"]
[SourceTitle "EXT 2014"]
[Source "ChessBase"]
[SourceDate "2013.11.20"]
[SourceVersion "1"]
[SourceVersionDate "2013.11.20"]
[SourceQuality "1"]

1. d4 d5 2. Nf3 e6 3. g3 c5 4. e3 Nc6 5. Bg2 Nf6 6. 0-0 Be7 7. b3 cxd4 8. exd4 Bd7 9. Bb2 Rc8 10. Nbd2 Na5 11. Ne5 Bb5 12. Re1 0-0 13. c3 Nd7 14. Ndf3 Ba6 15. Nxd7 Qxd7 16. Ne5 Qd8 17. f4 Nc6 18. Qf3 Nxe5 19. fxe5 b5 20. Bf1 Qb6 21. b4 Bb7 22. a4 bxa4 23. Rxa4 a5 24. Rxa5 Ra8 25. Rea1 Rxa5 26. Rxa5 Ra8 27. Rxa8+ Bxa8 28. Qd3 f6 29. exf6 Bxf6 30. Qa6 Qxa6 31. Bxa6 e5 32. b5 exd4 33. cxd4 Bd8 34. Ba3 Kf7 35. Bc5 Bc7 36. b6 1-0

[Event "Budapest FS08 FM-A2"]
[Site "Budapest"]
[Date "2013.08.10"]
[Round "7"]
[White "Bartha, Sandor"]
[Black "Hansen, Verner"]
[Result "1-0"]
[WhiteElo "2135"]
[BlackElo "1885"]
[PlyCount "83"]
[EventDate "2013.08.03"]
[EventType "tourn"]
[EventRounds "10"]
[EventCountry "HUN"]
[SourceTitle "CBM 155 Extra"]
[Source "ChessBase"]
[SourceDate "2013.08.26"]
[SourceVersion "1"]
[SourceVersionDate "2013.08.26"]
[SourceQuality "1"]

1. d4 d5 2. c4 e6 3. Nc3 c5 4. e3 Nf6 5. Nf3 Nc6 6. cxd5 Nxd5 7. Bb5 a6 8. Bxc6+ bxc6 9. 0-0 Rb8 10. e4 Nf6 11. b3 Be7 12. Bg5 cxd4 13. Nxd4 Bb7 14. e5 Nd5 15. Bxe7 Qxe7 16. Ne4 0-0 17. Nf3 Rfd8 18. Qc2 h6 19. Rfc1 f6 20. Nc5 fxe5 21. Nxb7 Nb4 22. Qe4 Rxb7 23. Nxe5 Qf6 24. Nxc6 Nxc6 25. Qxc6 Rbd7 26. g3 Rd2 27. Rf1 Re2 28. Rae1 Rdd2 29. Rxe2 Rxe2 30. Qxa6 Qb2 31. a3 e5 32. Qc8+ Kh7 33. Qf5+ Kh8 34. Rd1 Rd2 35. Rxd2 Qxd2 36. Qxe5 Qd1+ 37. Kg2 Qxb3 38. Qe8+ Kh7 39. Qe4+ Kh8 40. a4 Qa2 41. Qa8+ Kh7 42. a5 1-0

[Event "DEN-ch G7-B"]
[Site "Helsingor"]
[Date "2013.03.31"]
[Round "6"]
[White "Hansen, Verner"]
[Black "Markussen, Benno Orvad"]
[Result "1-0"]
[WhiteElo "1887"]
[BlackElo "1779"]
[PlyCount "99"]
[EventDate "2013.03.26"]
[EventType "swiss"]
[EventRounds "7"]
[EventCountry "DEN"]
[SourceTitle "EXT 2023"]
[Source "ChessBase"]
[SourceDate "2022.10.05"]
[SourceVersion "1"]
[SourceVersionDate "2022.10.05"]
[SourceQuality "1"]

1. e4 c5 2. Nc3 d6 3. d3 Nf6 4. g3 e5 5. Bg2 Bd7 6. Nge2 Nc6 7. 0-0 Qc8 8. f4 Bg4 9. f5 Nd4 10. h3 Bxe2 11. Nxe2 Nxe2+ 12. Qxe2 Be7 13. c3 h6 14. Be3 Qc7 15. d4 Nd7 16. Rab1 Bg5 17. Bf2 Bf6 18. Rfd1 exd4 19. cxd4 0-0 20. Rbc1 Rad8 21. Rc2 b6 22. h4 Nb8 23. Rdc1 Qe7 24. Rd1 Nd7 25. b3 Rc8 26. Qd3 Rfd8 27. Re2 cxd4 28. Bxd4 Ne5 29. Qa6 Rc7 30. Red2 Rdc8 31. Be3 Rc6 32. Rxd6 Rc3 33. Bf4 Qc7 34. Bxe5 Bxe5 35. Qxc8+ Qxc8 36. Rd8+ Kh7 37. Rxc8 Rxc8 38. g4 Rc2 39. Bf1 Rxa2 40. Bc4 Bf6 41. Bxf7 Bxh4 42. e5 Re2 43. e6 Re4 44. Bh5 a5 45. Rd7 Re1+ 46. Kg2 Re2+ 47. Kf3 Rc2 48. Rb7 Rc3+ 49. Ke4 Bg5 50. Bg6+ 1-0

[Event "DEN-ch G7-B"]
[Site "Helsingor"]
[Date "2013.03.28"]
[Round "3"]
[White "Jorgensen, Alexander Torp"]
[Black "Hansen, Verner"]
[Result "1-0"]
[WhiteElo "1673"]
[BlackElo "1887"]
[PlyCount "53"]
[EventDate "2013.03.26"]
[EventType "swiss"]
[EventRounds "7"]
[EventCountry "DEN"]
[SourceTitle "EXT 2023"]
[Source "ChessBase"]
[SourceDate "2022.10.05"]
[SourceVersion "1"]
[SourceVersionDate "2022.10.05"]
[SourceQuality "1"]

1. e4 e5 2. Nf3 Nc6 3. d4 exd4 4. Bc4 Bb4+ 5. c3 dxc3 6. 0-0 d6 7. a3 c2 8. Qxc2 Bc5 9. b4 Bb6 10. Qb3 Qf6 11. Bb2 Ne5 12. Nxe5 dxe5 13. Nd2 Ne7 14. Kh1 Ng6 15. f4 Be6 16. f5 Bxc4 17. Nxc4 0-0-0 18. fxg6 Qxg6 19. Nxe5 Qxe4 20. Nxf7 Rd2 21. Qh3+ Kb8 22. Nxh8 a5 23. Bc3 Rd3 24. Rf3 Be3 25. Re1 Rxc3 26. Rfxe3 Rxe3 27. Qxe3 1-0